|
|
|
|
| LEADER |
00000cam a2200000 a 4500 |
| 001 |
vtls001274212 |
| 003 |
SK-MaSNL |
| 005 |
20260302024951.0 |
| 008 |
210928s1981 xr o grh 00001bcze |
| 035 |
|
|
|a SNK000225392
|
| 040 |
|
|
|a SNK
|b slo
|c SNK
|e AACR2
|
| 041 |
1 |
|
|a cze
|h ita
|
| 044 |
|
|
|a xr
|c CZ
|
| 072 |
|
7 |
|a 821.131.1-3
|x Talianska próza
|2 konspekt
|
| 080 |
|
|
|a 821.131.1-31
|2 2001
|
| 080 |
|
|
|a (0:82-312.6)
|2 2001
|
| 100 |
1 |
|
|a Cristofanelli, Rolando,
|d 1916-
|4 aut
|9 352087
|
| 240 |
1 |
|
|a Diario di Michelangelo il pazzo
|l Česky
|
| 245 |
1 |
0 |
|a Deník Michelangela blázna
|c Rolando Cristofanelli ; [z italštiny přeložil [a] úvod [napsal] Vladimír Janovic]
|
| 250 |
|
|
|a 2. vyd.
|
| 260 |
|
|
|a Praha
|b Práce
|c 1981
|
| 300 |
|
|
|a 394, [32] s. obr. príl.
|b fotogr.
|c 21 cm
|
| 490 |
1 |
|
|a Kamarád
|
| 600 |
0 |
7 |
|a Michelangelo Buonarroti,
|d 1475-1564
|2 SNKMA
|9 115762
|
| 655 |
|
7 |
|a talianske romány
|2 SNKPH
|9 70617
|
| 655 |
|
7 |
|a biografické romány
|2 SNKPH
|9 1532
|
| 655 |
|
7 |
|a Italian fiction
|2 SNKPHeng
|9 311546
|
| 655 |
|
7 |
|a Biographical novels
|2 SNKPHeng
|9 278552
|
| 700 |
1 |
|
|a Janovic, Vladimír,
|d 1935-
|4 trl
|9 135195
|
| 830 |
|
0 |
|a Kamarád
|9 280622
|
| 958 |
|
|
|a OND
|
| 999 |
|
|
|c 1042421
|d 1044351
|
| 952 |
|
|
|t P60, <04>, [BOOK], {604}
|a SNK
|b SNK
|y VYP
|7 0
|p 17A0034770
|o snkIC 85972 D1
|0 0
|1 1
|4 0
|d 1997-02-01
|l 0
|r 2005-01-02 00:00:00
|w 2026-02-24
|
| 952 |
|
|
|a SNKLM
|b SNKLM
|y NEVYP
|7 0
|o snklmKK 94
|i snklm2/2001
|8 7
|0 0
|1 0
|4 0
|d 2006-01-30
|l 0
|r 2026-02-24 14:28:45
|w 2026-02-24
|